| 000 | 00343nam a22001217a 4500 | ||
|---|---|---|---|
| 008 | 160423b xxu||||| |||| 00| 0 eng d | ||
| 020 | _a9780397548712 | ||
| 020 | _a0397548710 | ||
| 041 | _aeng | ||
| 080 | _a618.2 | ||
| 245 |
_aCritical care nursing: _cBarbara Montgomery Dossey; Cathie E.Guzzetta; Cornelia Vandertaay Kenner; |
||
| 942 |
_2udc _cBK |
||
| 999 |
_c1544 _d1544 |
||